| 000 | 00967nam a2200289 a 4500 | ||
|---|---|---|---|
| 001 | 77269 | ||
| 003 | BD-RjUL | ||
| 005 | 20211209082943.0 | ||
| 008 | 050606r19661922nyu 000 1 eng | ||
| 035 | _a(BD-RjUL)77494 | ||
| 040 |
_aDLC _cDLC _dDLC _dBD-RjUL _beng |
||
| 041 | _aeng | ||
| 082 | 0 |
_a827.3 _bMAS 1966 |
|
| 100 | 1 |
_aMarston, John, _d1575?-1634. _9240573 |
|
| 245 | 1 | 4 |
_aThe scourge of villanie, 1599 / _cEdited by G.B. Harrison. |
| 260 |
_aEdinburgh : _bUniv. Press, _c1966. |
||
| 300 |
_axiii, 126 p.; _c19 cm. |
||
| 500 | _aIncludes facsim. of the original t.p. | ||
| 500 | _aText of the 2d ed., 1599. | ||
| 500 | _aReprint of the ed. originally published in 1925. | ||
| 650 | 0 |
_aCrime _zEngland. _9240575 |
|
| 651 | 0 |
_aLondon (England) _xSocial life and customs. _9240576 |
|
| 700 | 1 |
_aHarrison, G. B. _q(George Bagshawe), _d1894-1991, _9240579 |
|
| 942 |
_2ddc _cBK |
||
| 999 |
_c77269 _d77269 |
||